000 00400nam a2200145Ia 4500
008 210210b1986 xxu||||| |||| 00| 0 eng d
020 _a0 333 39173 X
082 _a519.5 BOYM
100 _aBOYLE (Conall).
245 _aMastering statistics with your microcomputer.
260 _aLondon
_bMcmillan Education Ltd.
_c1986
300 _axiii,155
690 _aMathematical Statistics
906 _a040710
999 _c90534
_d90534